[Event "Moscow Open F Women"]
[Site "Moscow RUS"]
[Date "2011.01.31"]
[Round "3.6"]
[White "Khropova,L"]
[Black "Charochkina,D"]
[Result "0-1"]
[WhiteElo "2087"]
[BlackElo "2314"]

1.d4 Nf6 2.c4 g6 3.Nc3 d5 4.cxd5 Nxd5 5.e4 Nxc3 6.bxc3 Bg7 7.Bc4 c5 8.Be3 O-O
9.Ne2 Nc6 10.O-O Qc7 11.Qc2 a6 12.a4 Na5 13.Bb3 Bg4 14.f3 cxd4 15.cxd4 Qxc2
16.Bxc2 Rac8 17.Bd3 Be6 18.Rab1 Bc4 19.Rfd1 Bb3 20.Rxb3 Nxb3 21.Rb1 Nxd4
22.Rxb7 Rfd8 23.Bxa6 Nxe2+ 24.Bxe2 Rc2 25.Kf2 Bc3 26.Rxe7 Kf8 27.Rb7 Rd1
28.f4 Re1 29.Bc5+ Ke8 30.Re7+ Kd8 31.Rxf7 Rcxe2+ 32.Kf3 Rxe4 33.Bf2 R1e2
34.Rxh7 Re6 35.Bb6+ Ke8 36.a5 Ra2 37.Ra7 Re1 38.a6 Re6 39.Ra8+ Kf7  0-1

[Event "33rd Bulgarian Open"]
[Site "Plovdiv BUL"]
[Date "2011.02.01"]
[Round "4.20"]
[White "Andreev,Sa"]
[Black "Arnaudov,G"]
[Result "1-0"]
[WhiteElo "2228"]
[BlackElo "2489"]

1.d4 Nf6 2.c4 g6 3.Nc3 d5 4.cxd5 Nxd5 5.e4 Nxc3 6.bxc3 Bg7 7.Bc4 c5 8.Ne2 O-O
9.O-O Nc6 10.Be3 Qc7 11.Rc1 e6 12.Qd2 b6 13.Bf4 Qe7 14.Bg5 Bf6 15.Bxf6 Qxf6
16.Qe3 Bb7 17.dxc5 Ne5 18.Bb3 Ba6 19.c4 bxc5 20.f4 Nd7 21.e5 Qe7 22.Nc3 f5
23.exf6 Qxf6 24.Rcd1 Nb6 25.Ne4 Qf5 26.Nd6 Qg4 27.h3 Qh4  1-0

[Event "Gibraltar Masters"]
[Site "Caleta ENG"]
[Date "2011.02.03"]
[Round "10.18"]
[White "Vernay,C"]
[Black "Fier,A"]
[Result "0-1"]
[WhiteElo "2446"]
[BlackElo "2571"]

1.d4 Nf6 2.c4 g6 3.Nc3 d5 4.cxd5 Nxd5 5.e4 Nxc3 6.bxc3 Bg7 7.Nf3 O-O 8.Rb1 c5
9.Be2 Nc6 10.Be3 cxd4 11.cxd4 Qa5+ 12.Bd2 Qxa2 13.d5 Ne5 14.Nxe5 Bxe5 15.O-O Bd7
16.Rxb7 Ba4 17.Qe1 Rfb8 18.Rb4 Rc8 19.Bg4 Rc7 20.f4 Bd6 21.Rb1 Rc2 22.Ra1 Qb2
23.Rxa4 Rxd2 24.Bh3 Rb8 25.Kh1 Qc2 26.Rxa7 Rb2 27.Rg1 Bxf4 28.Rxe7 Qc5 29.Re8+ Kg7
30.Rf1 Qc2 31.Rc8 Qd3 32.Rxf4 Rb1  0-1

[Event "TCh-CAT Div Hon"]
[Site "Barcelona ESP"]
[Date "2011.02.05"]
[Round "2"]
[White "Gonzalez Rodriguez,JA"]
[Black "Asis Gargatagli,H"]
[Result "1/2-1/2"]
[WhiteElo "2422"]
[BlackElo "2420"]

1.d4 Nf6 2.c4 g6 3.Nc3 d5 4.cxd5 Nxd5 5.e4 Nxc3 6.bxc3 Bg7 7.Nf3 c5 8.Be3 Bg4
9.Rc1 Bxf3 10.Qa4+ Nc6 11.gxf3 O-O 12.d5 Ne5 13.Be2 c4 14.f4 Nd3+ 15.Bxd3 cxd3
16.Qb5 Rc8 17.O-O Bxc3 18.Qxd3 Qd7 19.Bxa7 Ba5 20.Bd4 Qg4+ 21.Qg3 Qe2 22.Be3 Rxc1
23.Rxc1 Qxa2 24.f5 Bd2 25.Rd1 Bxe3 26.Qxe3 Rc8 27.fxg6 hxg6 28.d6  1/2-1/2

[Event "Moscow Open F Women"]
[Site "Moscow RUS"]
[Date "2011.02.05"]
[Round "8"]
[White "Romanko,M"]
[Black "Nemcova,Kat"]
[Result "1-0"]
[WhiteElo "2404"]
[BlackElo "2289"]

1.d4 Nf6 2.c4 g6 3.Nc3 d5 4.cxd5 Nxd5 5.e4 Nxc3 6.bxc3 Bg7 7.Bb5+ c6 8.Ba4 O-O
9.Ne2 b5 10.Bb3 Bb7 11.f3 c5 12.Rb1 Nd7 13.h4 e5 14.d5 Nb6 15.Be3 Qd6 16.h5 a5
17.Qc1 Rfe8 18.Ng3 Ba6 19.Kf2 a4 20.Bd1 Nc4 21.Bh6 Qf8 22.hxg6 fxg6 23.Be2 Bxh6
24.Rxh6 Nd6 25.Qh1 Ra7 26.Qh4 Rg7 27.Rh1 Ree7 28.Nh5 gxh5 29.Rxd6 Rxg2+ 30.Kxg2 Rg7+
31.Kf2 Qxd6 32.Qxh5 Kh8 33.Qh6 Qg6 34.Ke3 Kg8 35.a3 Qg2 36.Qe6+ Kf8 37.Rh5 Rf7
38.Rf5 Rxf5 39.Qxf5+ Kg8 40.Qe6+ Kf8 41.Qxa6 Qg5+ 42.Kf2 Qh4+ 43.Kg2 Qg5+
44.Kf1 Qc1+ 45.Kf2 Qxc3 46.Qxb5 Qd4+ 47.Kf1 h5 48.Qd3 Qa1+ 49.Kf2 Qh1 50.d6 Qh2+
51.Ke1 Qg1+ 52.Kd2  1-0

[Event "Moscow Open F Women"]
[Site "Moscow RUS"]
[Date "2011.02.05"]
[Round "8.26"]
[White "Vasenina,A"]
[Black "Gorozhankina,J"]
[Result "1/2-1/2"]
[WhiteElo "1857"]
[BlackElo "2088"]

1.d4 Nf6 2.c4 g6 3.Nc3 d5 4.cxd5 Nxd5 5.e4 Nxc3 6.bxc3 Bg7 7.Be3 c5 8.Qd2 Qa5
9.Rb1 b6 10.Bd3 O-O 11.Ne2 cxd4 12.cxd4 Qxd2+ 13.Kxd2 Ba6 14.Rhc1 Bxd3 15.Kxd3 Nd7
16.Rc7 Rfd8 17.f3 Nc5+ 18.Kc3 Ne6 19.Rc6 Rd7 20.Kd3 Nxd4 21.Nxd4 e5 22.Rbc1 exd4
23.Bg5 h6 24.Rc8+ Rxc8 25.Rxc8+ Kh7 26.Bf4 f5 27.Rc7 fxe4+ 28.fxe4 Rxc7 29.Bxc7 Kg8
30.Bb8 a6 31.Ba7 b5 32.Bxd4 Bf8 33.Bc3 Kf7 34.Kd4 Ke6 35.Ba5 Bd6 36.h3 h5
37.g4 hxg4 38.hxg4  1/2-1/2

[Event "Schachbundesliga 2010-11"]
[Site "Remagen GER"]
[Date "2011.02.05"]
[Round "8"]
[White "Gordon,S"]
[Black "Bok,B"]
[Result "1/2-1/2"]
[WhiteElo "2528"]
[BlackElo "2453"]

1.d4 Nf6 2.c4 g6 3.Nc3 d5 4.cxd5 Nxd5 5.e4 Nxc3 6.bxc3 Bg7 7.Nf3 c5 8.Rb1 O-O
9.Be2 b6 10.O-O Bb7 11.Qd3 e6 12.Bg5 Qc7 13.Qe3 Nd7 14.e5 a6 15.h4 b5 16.Nh2 Nb6
17.Ng4 Nd5 18.Qg3 h5 19.Nf6+ Bxf6 20.Bxf6 Nxf6 21.exf6 Qxg3 22.fxg3 cxd4
23.cxd4 Rfd8 24.Rf4 Rac8 25.a4 Rc2 26.Bf1 Bc6 27.axb5 axb5 28.g4 Ra8 29.gxh5 gxh5
30.Re1 Rd8 31.Re5 Rd5 32.Rxd5 Bxd5 33.Bxb5 Rxg2+ 34.Kf1 Kh7 35.Bd3+ Kh6 36.Ke1 Rg3
37.Be2 Kg6 38.Kd2 Ra3 39.Bd3+ Kh6 40.Be2 Ra4 41.Ke3 Bc4 42.Bd1 Ra3+ 43.Kd2 Rd3+
44.Ke1 Rh3 45.Kf2 Rh1 46.Bf3 Ra1 47.Be4 Ra3 48.Rf3 Ra2+ 49.Kg3 Rd2 50.Kf4 Rxd4
51.Re3 Bd5 52.Ke5 Ra4 53.Bxd5 exd5 54.Kxd5 Kg6 55.Ke5 Rxh4 56.Ra3 Rb4 57.Ra8 Rb5+
58.Kf4 Kxf6 59.Ra6+ Kg7 60.Rc6 Ra5 61.Rb6 f6 62.Rb8 Ra1 63.Rc8 Rf1+ 64.Kg3 Kg6
65.Rg8+ Kf5 66.Rh8 Rg1+ 67.Kf3 Rh1 68.Kg2 Rh4 69.Kg3 Rg4+ 70.Kf3 Rf4+ 71.Kg3 h4+
72.Kh3 Re4 73.Rh5+ Kg6 74.Rh8 Kg5 75.Rg8+ Kf5 76.Ra8 Rb4 77.Re8 Kf4 78.Kxh4 Kf3+
79.Kh3 Rb7 80.Kh2 Kf2 81.Rh8 f5 82.Rh4 Ke3 83.Ra4 Rb2+ 84.Kg3 Rb3 85.Rf4 Ke2+
86.Kh4 Rf3 87.Kg5 Ke3 88.Rxf3+ Kxf3 89.Kxf5  1/2-1/2

[Event "ch-TUR"]
[Site "Kemer-Antalya TUR"]
[Date "2011.02.06"]
[Round "2.6"]
[White "Simsek,C"]
[Black "Secer,A"]
[Result "0-1"]
[WhiteElo "2042"]
[BlackElo "2346"]

1.d4 Nf6 2.c4 g6 3.Nc3 d5 4.cxd5 Nxd5 5.e4 Nxc3 6.bxc3 Bg7 7.Bc4 c5 8.Ne2 Nc6
9.Be3 O-O 10.O-O Qc7 11.Rc1 Rd8 12.Bf4 Be5 13.Bg3 Bxg3 14.hxg3 Na5 15.Bd3 e5
16.d5 c4 17.Bc2 Qc5 18.Qd2 Bg4 19.Rfe1 f6 20.Rb1 Bd7 21.Kh2 b6 22.f4 Qe7
23.fxe5 fxe5 24.Rf1 Nb7 25.Ng1 Kg7 26.Nf3 h6 27.Rf2 Nd6 28.Rbf1 Rf8 29.Kg1 Bg4
30.Nh2 Rxf2 31.Rxf2 Bd7 32.Nf1 Rc8 33.Ne3 Qg5 34.Nf1 Qe7 35.Ne3 Rc5 36.Rf1 Rc7
37.Qf2 Rc8 38.Qf3 Qf7 39.Qxf7+ Nxf7 40.Kf2 Nd6 41.Ke2 Rc5 42.Kd2 h5 43.Kc1 Rc8
44.Kd2 Rh8 45.Rh1 g5 46.Nf1 Kg6 47.Nh2 g4 48.Nf1 Rf8 49.Ke1 Kg5 50.Ne3 b5
51.Ke2 a6 52.Rf1 Rh8 53.Rh1 Rh7 54.Rf1 Rh8 55.Rf2 Kg6 56.Rf1 Kg7 57.Rh1 Rh6
58.Bb1 Rh8 59.Bc2 Kg6 60.Rf1 a5 61.Rb1 Rb8 62.a3 Kg5 63.Rf1 Rh8 64.Rf2 Kg6
65.Rf1 Kg7 66.Rh1 Rh7 67.Bb1 Kg6 68.Bc2 Rf7 69.Rb1 Rf8 70.Rh1 Kg5 71.Bb1 Rf6
72.Bc2 Rh6 73.Rf1 Rf6 74.Rh1 Rf8 75.Bb1 Rd8 76.Bc2 Be8 77.Nf1 Bg6 78.Nd2 b4
79.axb4 axb4 80.cxb4 c3 81.Nb3 Bxe4 82.Nc5 Bxd5 83.Rd1 Bc4+ 84.Bd3 Rb8 85.Bxc4 Nxc4
86.Ne4+ Kf5 87.Nxc3 Rxb4 88.Rb1 Rxb1 89.Nxb1 Nd6 90.Nd2 e4 91.Nb3 Ke5 92.Kf2 Nf5
93.Nc1 e3+ 94.Ke1 Nxg3 95.Nd3+ Kd4 96.Nf4 Ke4 97.Ng6 Nf5 98.Kf1 h4 99.Nf8 h3
100.gxh3 gxh3 101.Nh7 Kf4 102.Nf6 h2 103.Kg2 h1=Q+ 104.Kxh1 e2 105.Nd5+ Kf3  0-1

[Event "60th ch-BUL w"]
[Site "Plovdiv BUL"]
[Date "2011.02.07"]
[Round "1"]
[White "Ivanova,G"]
[Black "Savova,S"]
[Result "1-0"]
[WhiteElo "1786"]
[BlackElo "2116"]

1.d4 Nf6 2.c4 g6 3.Nc3 d5 4.cxd5 Nxd5 5.e4 Nxc3 6.bxc3 Bg7 7.Bc4 c5 8.Ne2 O-O
9.O-O Qc7 10.Bb3 Bg4 11.f3 Bd7 12.Rb1 Nc6 13.Be3 Rfd8 14.Qd2 Be8 15.Rfd1 Na5
16.Bd5 c4 17.Bf4 Qd7 18.Qb2 Rac8 19.Bxb7 Rb8 20.Bxb8 Rxb8 21.Qa3 Nxb7 22.Qxa7 Qc7
23.Rb6 e6 24.Rdb1 Bh6 25.Rxb7 Rxb7 26.Rxb7 Be3+ 27.Kh1 Qc6 28.Rb8 Kg7 29.Qa8 Qa4
30.Qxa4 Bxa4 31.d5 e5 32.Ng3 h5 33.Rb4 Bd1 34.Nf1 Bg5 35.a4 h4 36.h3 Be2
37.Kg1 Be7 38.Rb5 Bd1 39.Nd2 Bxa4 40.Ra5 Bc2 41.Nxc4 f5 42.d6 Bf6 43.Nxe5 fxe4
44.Ra7+  1-0

[Event "ch-TUR"]
[Site "Kemer-Antalya TUR"]
[Date "2011.02.08"]
[Round "5"]
[White "Unal,Onur"]
[Black "Buyukasik,D"]
[Result "0-1"]
[WhiteElo "1742"]
[BlackElo "2035"]

1.d4 Nf6 2.c4 g6 3.Nc3 d5 4.cxd5 Nxd5 5.e4 Nxc3 6.bxc3 Bg7 7.Bc4 c5 8.Ne2 Nc6
9.Be3 Bd7 10.O-O O-O 11.Rc1 Qc7 12.d5 Ne5 13.Bb3 c4 14.Bc2 Rad8 15.Bd4 Ng4
16.f4 e5 17.d6 Qxd6 18.Bxa7 Qc7 19.Rb1 b5 20.Bf2 exf4 21.Nd4 Nxf2 22.Rxf2 Bc6
23.Rd2 Qa7 24.Rb2 Rxd4 25.Rxd4 Rd8 26.Kf1 Bxd4 27.cxd4 Qxd4 28.Qb1 Qc5 29.Bd1 Bxe4
30.Qxe4 Rxd1+ 31.Ke2 Rd8 32.Qxf4 Qd5 33.Qf1 Re8+ 34.Kf2 Qd4+  0-1

[Event "60th ch-BUL w"]
[Site "Plovdiv BUL"]
[Date "2011.02.09"]
[Round "3"]
[White "Atanasova,Elitsa"]
[Black "Savova,S"]
[Result "1/2-1/2"]
[WhiteElo "1743"]
[BlackElo "2116"]

1.d4 Nf6 2.c4 g6 3.Nc3 d5 4.cxd5 Nxd5 5.e4 Nxc3 6.bxc3 Bg7 7.Bc4 c5 8.Ne2 O-O
9.O-O Nc6 10.Be3 Qc7 11.Rc1 Rd8 12.Bf4 e5 13.Bg3 Qe7 14.d5 Na5 15.Bd3 c4
16.Bc2 b5 17.Rb1 Rb8 18.f3 Bd7 19.Bf2 Be8 20.Qd2 a6 21.Rb2 Qc7 22.Be3 Bf8
23.Bh6 Be7 24.f4 f6 25.fxe5 fxe5 26.Ng3 b4 27.Kh1 bxc3 28.Qxc3 Rxb2 29.Qxb2 c3
30.Qc1 Bb5 31.Rf3 Rc8 32.Qe1 Qc4 33.Nf5 Bf8 34.Bxf8 Rxf8 35.Qg3 Rxf5 36.exf5 Qxa2
37.Qf2 Qa1+ 38.Qg1 Qb2 39.Rf2 g5 40.f6 Qb4 41.Qb1 Qxb1+ 42.Bxb1 Nc4 43.Bxh7+ Kf8
44.Rc2 Ne3 45.Rxc3 Nxd5 46.Rc8+ Be8 47.Bg6 Nxf6 48.Bxe8 Nxe8 49.Ra8 Kf7 50.Rxa6 Nf6
51.Kg1 g4 52.Kf1 Kg6 53.Ke2 Kf5 54.Ra5 Ke4 55.Ra4+ Kf5 56.h3 gxh3 57.gxh3 Ne4
58.Ke3 Nf6 59.h4 Nh5 60.Ra1 Kg4 61.Ra4+ Kf5 62.Kf3 Nf6 63.Ra1 e4+ 64.Ke3 Ng4+
65.Ke2 Nf6 66.Rg1 Kf4 67.Rg6 Kf5 68.Rg5+ Kf4 69.Rg1 Nh5 70.Rg5 Nf6  1/2-1/2

[Event "75th ch-BUL Semi-Final"]
[Site "Plovdiv BUL"]
[Date "2011.02.09"]
[Round "4"]
[White "Ivanov,Bor BUL"]
[Black "Lalev,D"]
[Result "0-1"]
[WhiteElo "2201"]
[BlackElo "2384"]

1.d4 g6 2.c4 Nf6 3.Nc3 d5 4.cxd5 Nxd5 5.e4 Nxc3 6.bxc3 Bg7 7.Bc4 O-O 8.Ne2 Nc6
9.O-O Na5 10.Bd3 e5 11.d5 b6 12.Ba3 Re8 13.Bb5 c6 14.dxc6 Qxd1 15.Rfxd1 a6
16.Ba4 Be6 17.Bb4 Nc4 18.c7 b5 19.Bb3 Rac8 20.Bd6 Bf8 21.Bxc4 Bxc4 22.Ng3 Bxd6
23.Rxd6 Rxc7 24.Nf1 Bxf1 25.Rxf1 Ra8 26.Rc1 Rc4 27.f3 b4 28.Rb6 bxc3 29.Rc2 Rd8
30.Kf2 Rcd4 31.Rxc3 Rd2+ 32.Kg3 Rxa2 33.Rc7 Rdd2 34.Rbb7 Rxg2+ 35.Kh4 Rg1
36.Kh3 Rh1  0-1

[Event "ch-TUR"]
[Site "Kemer-Antalya TUR"]
[Date "2011.02.10"]
[Round "7"]
[White "Capan,Ferman"]
[Black "Canbulan,A"]
[Result "0-1"]
[WhiteElo "1972"]
[BlackElo "1759"]

1.d4 Nf6 2.c4 g6 3.Nc3 d5 4.cxd5 Nxd5 5.e4 Nxc3 6.bxc3 Bg7 7.e5 c5 8.f4 e6
9.Nf3 O-O 10.Bc4 Qa5 11.Bd2 b5 12.Bd3 Bb7 13.a4 b4 14.cxb4 cxb4 15.Rb1 Nc6
16.O-O Qb6 17.Be3 a5 18.Qe2 Qd8 19.h4 Ne7 20.h5 Nd5 21.Bd2 Rc8 22.hxg6 hxg6
23.Rfc1 Nc3 24.Bxc3 Bxf3 25.Qxf3 Rxc3 26.Rxc3 Qxd4+ 27.Qf2 Qxc3 28.Rd1 Rd8
29.Qf1 b3 30.Bb1 Qe3+ 31.Kh1 Rxd1 32.Qxd1 Qxf4 33.Qxb3 Bxe5 34.g3 Qxg3 35.Qxg3 Bxg3
36.Kg2 Be1 37.Kf3 Kg7 38.Kf4 Kf6 39.Bd3 Bd2+ 40.Kg4 Ke5 41.Be2 f5+ 42.Kg3 g5
43.Bd1  0-1

[Event "TCh-NED"]
[Site "Netherlands NED"]
[Date "2011.02.12"]
[Round "6.5"]
[White "Miedema,R"]
[Black "Kikkert,R"]
[Result "1-0"]
[WhiteElo "2392"]
[BlackElo "2289"]

1.d4 Nf6 2.c4 g6 3.Nc3 d5 4.cxd5 Nxd5 5.e4 Nxc3 6.bxc3 Bg7 7.Bc4 c5 8.Ne2 O-O
9.O-O Nc6 10.Be3 Bg4 11.f3 Na5 12.Bd3 cxd4 13.cxd4 Be6 14.d5 Bxa1 15.Qxa1 f6
16.Bh6 Re8 17.Kh1 Rc8 18.Nf4 Bd7 19.e5 Nc4 20.e6 Ba4 21.Nxg6 hxg6 22.Bxg6 Ne5
23.Be4 Bc2 24.Bxc2 Rxc2 25.Qd1 Qc7 26.f4 Rc1 27.Qxc1 Qxc1 28.Rxc1 Ng4 29.h3 Nxh6
30.g4 Rd8 31.Rc7 Kf8 32.Rxb7 Rxd5 33.Rxa7 f5 34.g5 Ng8 35.a4 Kg7 36.a5 Rd6
37.a6 Rxe6 38.Kg2 Re2+ 39.Kf3 Ra2 40.h4 Ra3+ 41.Ke2 Rh3 42.Rc7 Rxh4 43.a7 Rh2+
44.Kd3 Ra2 45.Kd4 Ra5 46.Kc4 Kg6 47.Kb4 Ra1 48.Kb5 Kh5 49.Kb6 e5 50.fxe5 Kxg5
51.Rg7+ Kf4 52.Rxg8 Kxe5 53.a8=Q Rxa8 54.Rxa8 f4 55.Kc5 Ke4 56.Kc4 Ke3 57.Kc3 f3
58.Re8+ Kf2 59.Kd2  1-0

[Event "TCh-NED"]
[Site "Netherlands NED"]
[Date "2011.02.12"]
[Round "6.1"]
[White "Werle,J"]
[Black "Bok,B"]
[Result "1/2-1/2"]
[WhiteElo "2574"]
[BlackElo "2453"]

1.d4 Nf6 2.c4 g6 3.Nc3 d5 4.cxd5 Nxd5 5.e4 Nxc3 6.bxc3 Bg7 7.Bc4 c5 8.Ne2 Nc6
9.Be3 O-O 10.O-O Na5 11.Bd3 b6 12.Qd2 e5 13.dxc5 Be6 14.Rfd1 Qc7 15.cxb6 axb6
16.Qc2 Nc4 17.Bxc4 Bxc4 18.Nc1 Qc6 19.f3 Qe6 20.Rd2 Ra5 21.Nd3 Rfa8 22.Nb4 Bf8
23.Qd1 Bxa2 24.Raxa2 Rxa2 25.Nxa2 Rxa2 26.Rxa2 Qxa2 27.Bxb6 Qb2  1/2-1/2

[Event "ch-ROU Men"]
[Site "Sarata Monteoru ROU"]
[Date "2011.02.12"]
[Round "1.27"]
[White "Secheres,Al"]
[Black "Voiteanu,G"]
[Result "0-1"]
[WhiteElo "1843"]
[BlackElo "2283"]

1.d4 Nf6 2.c4 g6 3.Nc3 d5 4.cxd5 Nxd5 5.e4 Nxc3 6.bxc3 Bg7 7.Bc4 c5 8.Ne2 cxd4
9.cxd4 Nc6 10.Be3 O-O 11.O-O Bg4 12.f3 Na5 13.Rc1 Nxc4 14.Rxc4 Bd7 15.Qb3 Qa5
16.Rc5 b5 17.a3 Rfc8 18.Qb4 Qd8 19.Rfc1 e6 20.Rxc8 Rxc8 21.Rc3 Bf8 22.Qb3 Qa5
23.Bc1 Rc4 24.Kf2 Rxc3 25.Qxc3 b4 26.axb4 Bxb4 27.Qb2 h5 28.Nf4 Bb5 29.Kg3 Bc3
30.Qb3 Bxd4 31.Nxe6 Qe1+  0-1

[Event "16th Lienz-Open 2011"]
[Site "Lienz AUT"]
[Date "2011.02.13"]
[Round "3"]
[White "Testor,S"]
[Black "Lechner,Daniel"]
[Result "1/2-1/2"]
[WhiteElo "2365"]
[BlackElo "2159"]

1.d4 Nf6 2.c4 g6 3.Nc3 d5 4.cxd5 Nxd5 5.e4 Nxc3 6.bxc3 Bg7 7.Nf3 c5 8.Be2 Nc6
9.d5 Bxc3+ 10.Bd2 Bxa1 11.Qxa1 Nd4 12.Nxd4 cxd4 13.Qxd4 O-O 14.O-O Qb6 15.Qe5 Re8
16.Bc4 f6 17.d6+ Kh8 18.Bc3 Kg7 19.Qb5 Qxb5 20.Bxb5 Be6 21.Bxe8 Rxe8 22.e5 fxe5
23.Bxe5+  1/2-1/2

[Event "ch-POL Women"]
[Site "Warsaw POL"]
[Date "2011.02.14"]
[Round "3"]
[White "Worek,J"]
[Black "Toma,K"]
[Result "1-0"]
[WhiteElo "2274"]
[BlackElo "2238"]

1.d4 Nf6 2.c4 g6 3.Nc3 d5 4.cxd5 Nxd5 5.e4 Nxc3 6.bxc3 Bg7 7.Bc4 c5 8.Ne2 O-O
9.O-O Nc6 10.Be3 Na5 11.Bd3 b6 12.Qd2 Bb7 13.Bh6 e6 14.Bxg7 Kxg7 15.Rac1 Rc8
16.Qe3 Qe7 17.Qg3 h6 18.h4 Nc6 19.f4 cxd4 20.cxd4 Nb4 21.f5 Rxc1 22.Rxc1 Nxd3
23.Rc7 Qf6 24.Rxb7 Nb4 25.Nf4 Qxd4+ 26.Kh2 Qxe4 27.Qxg6+ Kh8 28.Qf6+ Kg8
29.Qg6+ Kh8 30.Qxh6+ Kg8 31.Qg5+ Kh8 32.Ng6+  1-0

[Event "ch-POL"]
[Site "Warsaw POL"]
[Date "2011.02.15"]
[Round "4"]
[White "Staniszewski,Pi"]
[Black "Tazbir,M"]
[Result "1-0"]
[WhiteElo "2407"]
[BlackElo "2527"]

1.d4 Nf6 2.c4 g6 3.Nc3 d5 4.cxd5 Nxd5 5.e4 Nxc3 6.bxc3 Bg7 7.Bc4 O-O 8.Be3 c5
9.Ne2 Nc6 10.O-O Qc7 11.Rc1 Na5 12.Bd3 b6 13.Qd2 Bd7 14.Bh6 Rad8 15.Bxg7 Kxg7
16.Qe3 f6 17.Nf4 Nc6 18.Bb5 e5 19.Nd5 Qd6 20.dxc5 Qxc5 21.Qxc5 bxc5 22.Rfd1 Na5
23.Nc7 Bc8 24.Ba6 Rxd1+ 25.Rxd1 Rf7 26.Ne8+ Kf8 27.Nd6  1-0

[Event "ch-POL Women"]
[Site "Warsaw POL"]
[Date "2011.02.16"]
[Round "5"]
[White "Worek,J"]
[Black "Lach,A"]
[Result "1/2-1/2"]
[WhiteElo "2274"]
[BlackElo "2172"]

1.c4 Nf6 2.d4 g6 3.Nc3 d5 4.cxd5 Nxd5 5.e4 Nxc3 6.bxc3 Bg7 7.Bc4 c5 8.Ne2 Nc6
9.Be3 O-O 10.O-O Bd7 11.Rb1 a6 12.dxc5 Na5 13.Bd3 Qc7 14.Nd4 Rfd8 15.Qc2 e6
16.Nf3 Bc6 17.Be2 Qe7 18.Rb4 Rac8 19.Rfb1 Rd7 20.h3 Kh8 21.Qc1 f5 22.Qa3 Bxe4
23.Qxa5 Bxb1 24.Rxb1 e5 25.Rb6 Rdc7 26.c6 Rxc6 27.Bg5 Qc7 28.Rxc6 Qxc6 29.Nxe5 Qe6
30.f4 h6 31.Bh4 g5 32.Bf2 gxf4 33.Bd4 b5 34.Bf3 Bxe5 35.Bxe5+ Qxe5 36.Qxa6 Qc5+
37.Kh2 Kg7 38.Qe6 Qxc3 39.Qxf5 b4 40.Qg4+ Kh8 41.Qe6 Kg7 42.Qg4+ Kh8 43.Qe6  1/2-1/2

[Event "ch-ROU Men"]
[Site "Sarata Monteoru ROU"]
[Date "2011.02.17"]
[Round "7.2"]
[White "Parligras,M"]
[Black "Lupulescu,C"]
[Result "1/2-1/2"]
[WhiteElo "2594"]
[BlackElo "2619"]

1.d4 Nf6 2.c4 g6 3.Nc3 d5 4.cxd5 Nxd5 5.e4 Nxc3 6.bxc3 Bg7 7.Bc4 c5 8.Ne2 Nc6
9.Be3 O-O 10.O-O Na5 11.Bd3 b6 12.Qd2 e5 13.Bh6 exd4 14.cxd4 cxd4 15.Bxg7 Kxg7
16.Rac1 Nb7 17.Rc4 Nc5 18.Rxd4 Qe7 19.Nc3 Be6 20.Bb5 Rad8 21.Rd1 Rxd4 22.Qxd4+ Qf6  1/2-1/2

[Event "ch-POL"]
[Site "Warsaw POL"]
[Date "2011.02.17"]
[Round "6"]
[White "Olszewski,Mi"]
[Black "Kanarek,M"]
[Result "1-0"]
[WhiteElo "2532"]
[BlackElo "2405"]

1.d4 Nf6 2.c4 g6 3.Nc3 d5 4.cxd5 Nxd5 5.e4 Nxc3 6.bxc3 Bg7 7.Nf3 c5 8.Be3 Qa5
9.Qd2 Nc6 10.Rb1 a6 11.Rc1 cxd4 12.cxd4 Qxd2+ 13.Kxd2 f5 14.e5 Be6 15.Bc4 Bxc4
16.Rxc4 Rd8 17.Ke2 O-O 18.Rb1 Rd7 19.g3 e6 20.Rb6 Re8 21.Rcxc6 bxc6 22.Rxc6 a5
23.Ra6 Bf8 24.Rxa5 Ree7 25.a4 h6 26.Nd2 Ra7 27.Nc4 Rxa5 28.Nxa5 Rc7 29.Kd3 Bb4
30.Nc4 g5 31.d5 exd5 32.Nb6 Bc5 33.Nxd5 Bxe3 34.Nxc7 Bxf2 35.a5 Kf7 36.a6 Bb6
37.e6+  1-0

[Event "Rector Cup 2011"]
[Site "Kharkov UKR"]
[Date "2011.02.21"]
[Round "8"]
[White "Yuffa,D"]
[Black "Kovchan,A"]
[Result "0-1"]
[WhiteElo "2285"]
[BlackElo "2561"]

1.d4 Nf6 2.c4 g6 3.Nc3 d5 4.cxd5 Nxd5 5.e4 Nxc3 6.bxc3 Bg7 7.Be3 c5 8.Nf3 Qa5
9.Qd2 cxd4 10.cxd4 Qxd2+ 11.Kxd2 O-O 12.Bc4 Nc6 13.Rhd1 Bg4 14.Ke2 Rfd8 15.e5 Rac8
16.Rac1 Na5 17.Bd3 Rxc1 18.Rxc1 Nc6 19.Rc4 Be6 20.Ra4 Bd5 21.Bc4 f6 22.Bxd5+ Rxd5
23.exf6 Bxf6 24.Kd3 e6 25.Ke4 Rb5 26.Ne1 a6 27.Nd3 Kf7 28.Rc4 Rb1 29.Nf4 Rb4
30.Rxb4 Nxb4 31.a4 Bg5 32.Ne2 Bxe3 33.fxe3 Ke7 34.h4 Nd5 35.Kd3 b6 36.e4 Nf6
37.Nc3 Nh5 38.Ke3 Kd6 39.g4 Ng7 40.Kf4 h6 41.g5 h5 42.Na2 e5+ 43.dxe5+ Kc5
44.Nc3 Ne6+ 45.Ke3 b5 46.axb5 axb5 47.Ne2 Kc4 48.Kd2 b4 49.Kc2 b3+ 50.Kb2 Kd3
51.Kxb3 Kxe4 52.Kc4 Kxe5 53.Kd3 Ng7 54.Ng1 Kf4 55.Ne2+ Kg4 56.Ke4 Nf5 57.Ke5 Nxh4
58.Kf6 Nf3 59.Kxg6 h4 60.Kf6 Nxg5 61.Nc3 h3 62.Ke5 h2 63.Nd1 Kf3  0-1

[Event "US Amateur Team-ch East"]
[Site "Parsippany USA"]
[Date "2011.02.21"]
[Round "6"]
[White "Yeliseyev,I"]
[Black "Matlin,A"]
[Result "0-1"]
[WhiteElo "2135"]
[BlackElo "1930"]

1.c4 Nf6 2.Nc3 d5 3.cxd5 Nxd5 4.e4 Nxc3 5.bxc3 g6 6.d4 Bg7 7.Be3 c5 8.Qd2 Qa5
9.Rc1 cxd4 10.cxd4 Qxd2+ 11.Kxd2 O-O 12.d5 Rd8 13.Bc4 Nc6 14.Nf3 Na5 15.Bb5 f5
16.Bf4 fxe4 17.Be2 Rxd5+ 18.Ke3 exf3 19.Bxf3 Rb5 20.Rhd1 Be6 21.Rc7 Re8 22.Be2 Rb2
23.a4 Rb3+ 24.Kd2 Rd8+ 25.Ke1 Rxd1+ 26.Bxd1 Rb1 27.Bd2 Nc6 28.f4 Bg4  0-1

[Event "e2e4.org.uk Brighton Masters B"]
[Site "Brighton ENG"]
[Date "2011.02.23"]
[Round "1"]
[White "Therrien,A"]
[Black "Venkataramanan,T"]
[Result "1-0"]
[WhiteElo "2251"]
[BlackElo "2302"]

1.d4 Nf6 2.c4 g6 3.Nc3 d5 4.cxd5 Nxd5 5.e4 Nxc3 6.bxc3 Bg7 7.Be3 c5 8.Nf3 O-O
9.Rc1 Qa5 10.Qd2 Rd8 11.d5 f5 12.Bh6 fxe4 13.Bxg7 Kxg7 14.Ng5  1-0

[Event "e2e4.org.uk Brighton Challengers D"]
[Site "Brighton ENG"]
[Date "2011.02.25"]
[Round "4"]
[White "Levesque,T"]
[Black "Hoare,Amy B"]
[Result "0-1"]
[WhiteElo "2014"]
[BlackElo "1936"]

1.d4 Nf6 2.c4 g6 3.Nc3 d5 4.cxd5 Nxd5 5.e4 Nxc3 6.bxc3 Bg7 7.Be3 c5 8.Bb5+ Bd7
9.Bxd7+ Qxd7 10.Ne2 cxd4 11.cxd4 Nc6 12.Qd2 O-O 13.O-O Rfd8 14.Rfd1 b6 15.Rac1 Rac8
16.f3 Na5 17.Qb4 Rxc1 18.Nxc1 Nc6 19.Qe1 Nxd4 20.Rd2 Qc7 21.Qd1 Ne6 22.Nd3 Bd4
23.Bxd4 Rxd4 24.g3 Qd6 25.Kf2 Nc5 26.Ke3 Na4 27.Nf4 Nc3 28.Qc2 Rxd2 29.Qxd2 Qxd2+
30.Kxd2 Nxa2 31.Nd5 e6 32.Ne7+ Kf8 33.Nc8 Ke8 34.Nxa7 Kd7 35.e5 Nb4 36.f4 Nd5
37.Nb5 Kc6 38.Nd6 f6 39.Kd3 fxe5 40.fxe5 Ne7 41.Kc4 Nf5 42.Nf7 h6 43.Nh8 g5
44.Nf7 Kd7 45.g4 Ne3+ 46.Kd4 Nxg4 47.h3 Nf2 48.Nxh6 Nxh3 49.Nf7 g4 50.Ke4 b5
51.Nd6 Kc6 52.Ke3 b4 53.Ne4 b3 54.Kd2 Nf4 55.Kc3 Ne2+ 56.Kd3 b2 57.Nd2 Nf4+
58.Kc3 g3 59.Kxb2 g2 60.Nf3 Nh3  0-1

[Event "31st TCh-IND 2011"]
[Site "Kochi IND"]
[Date "2011.02.25"]
[Round "6"]
[White "Muthukumar,C P"]
[Black "Sai,Sr"]
[Result "0-1"]
[WhiteElo "1497"]
[BlackElo "2243"]

1.d4 Nf6 2.c4 g6 3.Nc3 d5 4.cxd5 Nxd5 5.e4 Nxc3 6.bxc3 Bg7 7.Bc4 c5 8.Be3 O-O
9.Ne2 Nc6 10.O-O Qc7 11.Rc1 Rd8 12.Qd2 Qa5 13.Qb2 e6 14.Rfd1 cxd4 15.cxd4 Qb4
16.Qxb4 Nxb4 17.a3 Nc6 18.e5 Bd7 19.Ng3 Na5 20.Ba2 Ba4 21.Re1 Nc6 22.Ne2 Bb5
23.Bc4 Bxc4 24.Rxc4 Bf8 25.a4 Be7 26.Rec1 Kg7 27.Rb1 Rd7 28.f3 Rc8 29.Kf2 h6
30.g4 Rdc7 31.Rbc1 Rd7 32.f4 f5 33.gxf5 gxf5 34.Kf3 Kf7 35.R4c2 Ba3 36.Kf2 Bxc1
37.Rxc1 Rdc7 38.Bd2 Ne7 39.Rxc7 Rxc7 40.Nc3 Nd5 41.Nb5 Rc2 42.Nd6+ Ke7 43.Ke1 b6
44.Nc4 Rxc4  0-1

[Event "27th Open"]
[Site "Cappelle la Grande FRA"]
[Date "2011.02.26"]
[Round "1.12"]
[White "Debray,C"]
[Black "Gopal,G"]
[Result "1/2-1/2"]
[WhiteElo "2381"]
[BlackElo "2597"]

1.d4 Nf6 2.c4 g6 3.Nc3 d5 4.cxd5 Nxd5 5.e4 Nxc3 6.bxc3 Bg7 7.Nf3 c5 8.Rb1 O-O
9.Be2 b6 10.O-O e6 11.Bg5 Qc7 12.Qd2 Bb7 13.Qe3 Nd7 14.Rfd1 Rfe8 15.e5 Rac8
16.Bb5 Bc6 17.Ba6 Rb8 18.Qe2 Bd5 19.Bb5 Rec8 20.Nd2 Bxa2 21.Ne4 Bxb1 22.Rxb1 cxd4
23.cxd4 Nf8 24.Nd6 h6 25.Nxc8 Rxc8 26.Be3 Qd8 27.Qa2 Rc7 28.Qa3 h5 29.Qd6 Rc8
30.Qa3 a5 31.Ba6 Rc6 32.Bb7 Rc4 33.Ba6 Rxd4 34.Bxd4 Qxd4 35.Qb2 Bxe5 36.Qxb6 Qf4
37.g3 Qd2 38.Qc6 Bd4 39.Qf3 Qc3 40.Qxc3 Bxc3  1/2-1/2

[Event "27th Open"]
[Site "Cappelle la Grande FRA"]
[Date "2011.02.27"]
[Round "2.68"]
[White "Brunner,N"]
[Black "Bijlsma,N"]
[Result "1/2-1/2"]
[WhiteElo "2478"]
[BlackElo "2173"]

1.d4 Nf6 2.c4 g6 3.Nc3 d5 4.cxd5 Nxd5 5.e4 Nxc3 6.bxc3 Bg7 7.Bc4 c5 8.Ne2 Nc6
9.Be3 O-O 10.O-O Na5 11.Bd3 cxd4 12.cxd4 b6 13.Rc1 e6 14.Qd2 Bb7 15.h4 Qd7
16.Rfd1 Rfd8 17.Bg5 Rdc8 18.e5 Rxc1 19.Rxc1 Rc8 20.Rxc8+ Qxc8 21.Bf6 Bxf6
22.exf6 Qd8 23.Qg5 Qd5 24.Qg3 Qd8 25.Qf4 Nc6 26.Be4 Na5 27.Bb1 Nc6 28.Be4 Na5
29.Bxb7 Nxb7 30.Nc3 Nd6 31.d5 Ne8 32.dxe6 Qxf6 33.exf7+ Qxf7 34.Qb8 Qe6 35.Nd5 Qxd5
36.Qxe8+ Kg7 37.Qe7+ Qf7 38.Qe5+  1/2-1/2

[Event "27th Open"]
[Site "Cappelle la Grande FRA"]
[Date "2011.02.27"]
[Round "2.18"]
[White "Vernay,C"]
[Black "Le Roux,JP"]
[Result "1/2-1/2"]
[WhiteElo "2446"]
[BlackElo "2551"]

1.d4 Nf6 2.c4 g6 3.Nc3 d5 4.cxd5 Nxd5 5.e4 Nxc3 6.bxc3 Bg7 7.Nf3 c5 8.Bb5+ Bd7
9.Be2 O-O 10.O-O cxd4 11.cxd4 Bc6 12.Qd3 Nd7 13.Rb1 Rc8 14.Be3 a6 15.Rfe1 e6
16.Bg5 Qa5 17.Bd2 Qc7 18.Bd1 Rfd8 19.Qa3 Bf8 20.Qb2 Bg7 21.Qa3 Qb8 22.Bg5 Re8
23.Qe3 b5 24.Be2 Qa7 25.Red1 Ba8 26.Bd3 Nb6 27.h4 Nc4 28.Qe2 h6 29.Bc1 Red8
30.a4 Qd7 31.axb5 axb5 32.Bf4 Qe8 33.Rbc1 Na3 34.Rxc8 Rxc8 35.Ne5 b4 36.Qd2 Qf8
37.h5 g5 38.Be3 Qd6 39.Qb2 Rc3 40.Bd2 Bxe5 41.Bxc3 Bh2+ 42.Kh1 bxc3 43.Qxc3 Bc6
44.Ra1 Qf4 45.Qxc6 Qh4 46.Qa8+ Kg7 47.Ra2 Bd6+ 48.Kg1 Qh2+ 49.Kf1 Qh1+ 50.Ke2 Qxh5+
51.Kd2 Bb4+ 52.Ke3 Qd1 53.Qb8 Qb3 54.Qe5+ Kg8 55.Qb8+ Kg7 56.Qe5+ Kh7  1/2-1/2